[Event "XII Festival Magistrale"]
[Site "Porto San Giorgio ITA"]
[Date "2000.08.20"]
[Round "1"]
[White "Artizzu, Giulio"]
[Black "Foisor, Cristina-Adela"]
[Result "0-1"]
[WhiteElo "2095"]
[BlackElo "2386"]
[PlyCount "96"]
[EventDate "2000.08.20"]

1. e4 d6 2. d4 Nf6 3. Nc3 g6 4. f4 Bg7 5. Nf3 O-O 6. Bd3 Na6 7. O-O c5 8. e5
Ng4 9. h3 cxd4 10. Ne4 Ne3 11. Bxe3 dxe3 12. Qe2 Qb6 13. a3 Bf5 14. b4 Rac8 15.
Rad1 d5 16. Ng3 Bxd3 17. Rxd3 e6 18. Nd4 f6 19. Qxe3 fxe5 20. fxe5 Nb8 21. Re1
Nd7 22. Qg5 Rxc2 23. Kh1 Rc4 24. Nf3 Rf7 25. h4 Nf8 26. Qd2 Rff4 27. Qe3 Qd8
28. Qxa7 b6 29. Kg1 Bh6 30. Qa4 Rg4 31. Nf1 Qc7 32. Ne3 Bxe3+ 33. Rdxe3 Rc2 34.
R3e2 Rc3 35. Rf2 Rf4 36. Qe8 h6 37. Ref1 Rc1 38. Rxc1 Qxc1+ 39. Kh2 Qxa3 40.
Rc2 Rf7 41. Rc8 Qxb4 42. Qxe6 Kg7 43. Qxd5 Qf4+ 44. Kh1 Rd7 45. Qb3 b5 46. Rb8
Rc7 47. Rxb5 Rc1+ 48. Ng1 Qf2 0-1

[Event "XII Festival Magistrale"]
[Site "Porto San Giorgio ITA"]
[Date "2000.08.20"]
[Round "1"]
[White "Berra, Davide"]
[Black "Iordachescu, Viorel"]
[Result "0-1"]
[WhiteElo "2183"]
[BlackElo "2594"]
[PlyCount "74"]
[EventDate "2000.08.20"]

1. d4 Nf6 2. Nf3 e6 3. Bg5 c5 4. e3 Qb6 5. Nbd2 Qxb2 6. Bxf6 gxf6 7. Bd3 Qb6 8.
O-O Be7 9. c4 Nc6 10. Nb3 cxd4 11. exd4 Qc7 12. Re1 b6 13. d5 Nb4 14. Be4 Rb8
15. Qd2 Bb7 16. Nfd4 Na6 17. Qh6 Nc5 18. Nb5 Qe5 19. Qg7 Rf8 20. Nxc5 Bxc5 21.
Bxh7 Qg5 22. Qxg5 fxg5 23. Rad1 Ke7 24. Be4 f5 25. Bb1 a6 26. Nd4 Bxd4 27. Rxd4
Rbc8 28. Bd3 Rc5 29. Bf1 Rf6 30. Rb1 exd5 31. cxd5 Bxd5 32. Rbd1 Bc6 33. Bxa6
b5 34. Bc8 Rc4 35. Rxc4 bxc4 36. a4 Bxa4 37. Rd4 Rd6 0-1

[Event "XII Festival Magistrale"]
[Site "Porto San Giorgio ITA"]
[Date "2000.08.20"]
[Round "1"]
[White "Borgo, Giulio"]
[Black "Mosconi, Tiziano"]
[Result "1-0"]
[WhiteElo "2391"]
[BlackElo "2111"]
[PlyCount "59"]
[EventDate "2000.08.20"]

1. e4 e5 2. Nf3 Nc6 3. d4 exd4 4. Nxd4 Bc5 5. Nxc6 Qf6 6. Qd2 dxc6 7. Nc3 Be6
8. Na4 Rd8 9. Bd3 Bd4 10. O-O b5 11. Nc3 Ne7 12. Kh1 O-O 13. f4 Bb6 14. Qe1 Qd4
15. Ne2 Qd6 16. f5 Bc8 17. Qh4 f6 18. Nf4 g5 19. fxg6 Nxg6 20. Nxg6 hxg6 21.
Qh6 Rd7 22. Bf4 Qc5 23. e5 f5 24. e6 Rh7 25. Qg5 Rg7 26. Rae1 Re8 27. Be5 Bxe6
28. Bxg7 Kxg7 29. Bxf5 Bxf5 30. Rxe8 1-0

[Event "XII Festival Magistrale"]
[Site "Porto San Giorgio ITA"]
[Date "2000.08.20"]
[Round "1"]
[White "Chatalbashev, Boris"]
[Black "Perissinotto, Claudio"]
[Result "1-0"]
[WhiteElo "2494"]
[BlackElo "2130"]
[PlyCount "61"]
[EventDate "2000.08.20"]

1. d4 d5 2. c4 e6 3. Nc3 Be7 4. Nf3 Nf6 5. Bg5 h6 6. Bh4 O-O 7. e3 b6 8. Be2
Bb7 9. Bxf6 Bxf6 10. cxd5 exd5 11. b4 c6 12. O-O Qd6 13. Qb3 Nd7 14. Rfd1 a5
15. bxa5 Rxa5 16. a4 Ba6 17. Bxa6 Rxa6 18. Rac1 Rfa8 19. h3 Be7 20. Qc2 Nf6 21.
Ne5 Qe6 22. Rb1 Nd7 23. Nd3 Bd6 24. Nb4 Bxb4 25. Rxb4 c5 26. Rb5 c4 27. Nxd5
Rxa4 28. Rdb1 R8a5 29. Nxb6 Ra2 30. Nxd7 Rxc2 31. Rb8+ 1-0

[Event "XII Festival Magistrale"]
[Site "Porto San Giorgio ITA"]
[Date "2000.08.20"]
[Round "1"]
[White "Faraoni, Enrico"]
[Black "Razuvaev, Yuri S."]
[Result "0-1"]
[WhiteElo "2174"]
[BlackElo "2555"]
[PlyCount "74"]
[EventDate "2000.08.20"]

1. f4 d5 2. Nf3 g6 3. g3 Bg7 4. Bg2 Nf6 5. O-O b5 6. d3 Bb7 7. Ne5 O-O 8. Nd2
Nbd7 9. Ndf3 c5 10. Ng5 Qb6 11. Bh3 c4+ 12. d4 Nxe5 13. fxe5 Ne4 14. Nxe4 dxe4
15. e3 Rad8 16. Qe1 a5 17. Bd2 Ra8 18. c3 Bd5 19. a3 f6 20. exf6 exf6 21. g4
Rf7 22. Qg3 Bf8 23. Rf2 Bd6 24. Qg2 Raf8 25. Raf1 Kg7 26. Be1 Rh8 27. Re2 h5
28. gxh5 Rxh5 29. Rf5 Rxh3 30. Qxh3 gxf5 31. Qxf5 Qc6 32. Rg2+ Kf8 33. Bh4 Be7
34. Qh5 Ke8 35. Rg8+ Kd7 36. Qh8 Qe6 37. Bg3 Rh7 0-1

[Event "XII Festival Magistrale"]
[Site "Porto San Giorgio ITA"]
[Date "2000.08.20"]
[Round "1"]
[White "Foisor, Ovidiu-Doru"]
[Black "Zanellato, Lorenzo"]
[Result "1-0"]
[WhiteElo "2404"]
[BlackElo "2112"]
[PlyCount "73"]
[EventDate "2000.08.20"]

1. d4 f5 2. Nf3 Nf6 3. g3 g6 4. b3 Bg7 5. Bb2 O-O 6. Bg2 d5 7. Nbd2 Ne4 8. O-O
Nd7 9. e3 b6 10. c4 e6 11. Qc2 Bb7 12. b4 Qe7 13. a4 c5 14. dxc5 bxc5 15. b5
Rad8 16. Rfc1 g5 17. cxd5 exd5 18. Bxg7 Qxg7 19. Nb3 c4 20. Nbd4 Ndc5 21. Nd2
Rde8 22. Nxc4 dxc4 23. Qxc4+ Qf7 24. f3 Bd5 25. Qe2 Nxg3 26. hxg3 Ne6 27. Qd2
Rd8 28. Nxe6 Qxe6 29. Rc7 Qb6 30. Qc3 Bf7 31. Rc6 Qb8 32. f4 gxf4 33. gxf4 Rde8
34. Kf2 Qd8 35. Rh1 Bd5 36. Bxd5+ Qxd5 37. Rg1+ 1-0

[Event "XII Festival Magistrale"]
[Site "Porto San Giorgio ITA"]
[Date "2000.08.20"]
[Round "1"]
[White "Galioto, Natale"]
[Black "Todorov, Todor"]
[Result "0-1"]
[WhiteElo "2128"]
[BlackElo "2481"]
[PlyCount "50"]
[EventDate "2000.08.20"]

1. e4 d6 2. f4 g6 3. Nf3 Bg7 4. Nc3 c5 5. d4 cxd4 6. Nxd4 Nc6 7. Nb3 Nf6 8. Be3
Ng4 9. Bg1 e5 10. Qf3 exf4 11. h3 Nf6 12. Qxf4 Nh5 13. Qf2 O-O 14. g4 Bxc3+ 15.
bxc3 Nf6 16. O-O-O Nxe4 17. Qf4 d5 18. c4 Qe7 19. Kb2 d4 20. Bg2 Nc3 21. Bxc6
Nxd1+ 22. Kc1 Nc3 23. Bf3 Qe1+ 24. Kb2 Qb1+ 25. Ka3 a5 0-1

[Event "XII Festival Magistrale"]
[Site "Porto San Giorgio ITA"]
[Date "2000.08.20"]
[Round "1"]
[White "Managadze, Nikoloz"]
[Black "Vinzoni, Andrea"]
[Result "1-0"]
[WhiteElo "2456"]
[BlackElo "2114"]
[PlyCount "53"]
[EventDate "2000.08.20"]

1. e4 c6 2. d4 d5 3. Nd2 dxe4 4. Nxe4 Nf6 5. Nxf6+ exf6 6. c3 Bd6 7. Bd3 O-O 8.
h3 Re8+ 9. Ne2 Nd7 10. O-O Qc7 11. Be3 g6 12. Qd2 f5 13. Bg5 c5 14. Rfe1 c4 15.
Bc2 b6 16. b3 Ba6 17. Nf4 Qc6 18. Bd1 Rxe1+ 19. Qxe1 Bxf4 20. Bxf4 Nf6 21. Bf3
Ne4 22. g4 Re8 23. gxf5 gxf5 24. Kh2 Kh8 25. Qe3 Rg8 26. d5 Qe8 27. Bxe4 1-0

[Event "XII Festival Magistrale"]
[Site "Porto San Giorgio ITA"]
[Date "2000.08.20"]
[Round "1"]
[White "Miezis, Normunds"]
[Black "Raineri, Valerio"]
[Result "1-0"]
[WhiteElo "2518"]
[BlackElo "2136"]
[PlyCount "79"]
[EventDate "2000.08.20"]

1. c4 Nf6 2. Nc3 g6 3. g3 Bg7 4. Bg2 d6 5. e4 e5 6. Nge2 Nc6 7. d3 O-O 8. O-O
Ne8 9. Nd5 Ne7 10. d4 c6 11. Ndc3 Be6 12. b3 Qc7 13. Ba3 f6 14. Rc1 Rd8 15. Rc2
Rf7 16. d5 Bc8 17. b4 Bf8 18. c5 g5 19. Qc1 Ng6 20. Rd1 Bd7 21. cxd6 Nxd6 22.
dxc6 bxc6 23. b5 Qb8 24. Bxd6 Bxd6 25. Rcd2 Bc7 26. bxc6 Bxc6 27. Nd5 Bxd5 28.
exd5 Nf8 29. d6 Rxd6 30. Rxd6 Bxd6 31. Bd5 Kg7 32. Bxf7 Kxf7 33. Qc6 Be7 34.
Nc3 Qb6 35. Qc4+ Kg7 36. Nd5 Qc5 37. Qa4 Bd8 38. Qe8 Ba5 39. Ne3 Bb6 40. Rd7+
1-0

[Event "XII Festival Magistrale"]
[Site "Porto San Giorgio ITA"]
[Date "2000.08.20"]
[Round "1"]
[White "Monteleone, Antonio"]
[Black "Savchenko, Stanislav"]
[Result "0-1"]
[WhiteElo "2179"]
[BlackElo "2579"]
[PlyCount "66"]
[EventDate "2000.08.20"]

1. d4 d5 2. c4 e6 3. Nc3 c6 4. Nf3 Nf6 5. Bg5 h6 6. Bxf6 Qxf6 7. e3 Nd7 8. Bd3
dxc4 9. Bxc4 g6 10. O-O Bg7 11. e4 O-O 12. Qe2 Qe7 13. Rad1 b5 14. Bb3 Bb7 15.
Rfe1 Rfd8 16. a4 b4 17. Nb1 c5 18. d5 exd5 19. Bxd5 Bxd5 20. Rxd5 Nf8 21. Rxd8
Rxd8 22. Qc2 Ne6 23. Nbd2 Nf4 24. Nc4 Qe6 25. h3 Rd3 26. Re3 b3 27. Qc1 Rxe3
28. Qxe3 Qxc4 29. Qxf4 Bxb2 30. Qb8+ Kg7 31. Qxa7 Bc3 32. e5 b2 33. Qb6 Bxe5
0-1

[Event "XII Festival Magistrale"]
[Site "Porto San Giorgio ITA"]
[Date "2000.08.20"]
[Round "1"]
[White "Orlov, Andrey"]
[Black "Polushkina, Svetlana"]
[Result "1-0"]
[WhiteElo "2367"]
[BlackElo "2092"]
[PlyCount "77"]
[EventDate "2000.08.20"]

1. e4 c6 2. d4 d5 3. e5 c5 4. Nf3 Bg4 5. c3 Nc6 6. Bb5 Bxf3 7. Qxf3 e6 8. dxc5
Bxc5 9. b4 Bb6 10. Qg3 Nge7 11. Bg5 a6 12. Bxc6+ bxc6 13. O-O Rg8 14. Bxe7 Qxe7
15. Nd2 h5 16. c4 g5 17. a4 Bd4 18. Rab1 h4 19. Qd3 Bxe5 20. b5 axb5 21. axb5
Ra3 22. Qe2 Qd6 23. bxc6 Bxh2+ 24. Kh1 Bf4 25. cxd5 Qxd5 26. Ne4 Qxc6 27. Rfd1
Ke7 28. Rb4 h3 29. Qb2 hxg2+ 30. Kxg2 Raa8 31. Qf6+ Ke8 32. Rbd4 Bc7 33. Kg1
Rg6 34. Qh8+ Ke7 35. Rd7+ Qxd7 36. Rxd7+ Kxd7 37. Qxa8 f5 38. Qa4+ Ke7 39. Nc5
1-0

[Event "XII Festival Magistrale"]
[Site "Porto San Giorgio ITA"]
[Date "2000.08.20"]
[Round "1"]
[White "Palac, Mladen"]
[Black "Piantoni, Roberto"]
[Result "1-0"]
[WhiteElo "2573"]
[BlackElo "2174"]
[PlyCount "77"]
[EventDate "2000.08.20"]

1. e4 e6 2. d4 d5 3. Nd2 Nf6 4. e5 Nfd7 5. c3 c5 6. Bd3 Nc6 7. Ne2 cxd4 8. cxd4
f6 9. exf6 Nxf6 10. O-O Bd6 11. Nf3 O-O 12. Bg5 Bd7 13. Re1 Qb6 14. Nc3 a6 15.
a3 g6 16. Na4 Qa7 17. Bc2 Rac8 18. b4 Ng4 19. Nc5 Bxc5 20. dxc5 Qb8 21. h3 Rxf3
22. hxg4 Rf7 23. Bh4 Qf4 24. Bg3 Qd4 25. Qxd4 Nxd4 26. Bd3 Bb5 27. Bxb5 axb5
28. Rad1 Nc2 29. Rxe6 Nxa3 30. Rxd5 Nc4 31. Bh4 Ra8 32. Bf6 Raf8 33. g5 h6 34.
Be7 Re8 35. Rxg6+ Rg7 36. Rxg7+ Kxg7 37. Rd7 hxg5 38. Rxb7 Na3 39. c6 1-0

[Event "XII Festival Magistrale"]
[Site "Porto San Giorgio ITA"]
[Date "2000.08.20"]
[Round "1"]
[White "Ruggeri, Pietro"]
[Black "Bratanov, Zsivko"]
[Result "0-1"]
[WhiteElo "2111"]
[BlackElo "2400"]
[PlyCount "94"]
[EventDate "2000.08.20"]

1. e4 c5 2. Nf3 e6 3. b4 cxb4 4. d4 d6 5. a3 Nf6 6. Bd3 Nc6 7. O-O Be7 8. Re1
O-O 9. Nbd2 b6 10. Bb5 Bb7 11. axb4 Nxb4 12. c3 a6 13. Bf1 Nc6 14. Bd3 b5 15.
Qe2 Nd7 16. Ba3 Re8 17. Rab1 Qa5 18. Bb2 Qc7 19. Rec1 d5 20. exd5 exd5 21. Re1
Rad8 22. g3 Qb8 23. Qf1 Bc8 24. h4 Bf6 25. Nb3 Qc7 26. Bc1 Rxe1 27. Nxe1 Na5
28. Bf4 Qb6 29. Ng2 Nxb3 30. Rxb3 Qc6 31. Ne3 Nb6 32. g4 Nc4 33. g5 Be7 34. Nf5
Bxf5 35. Bxf5 Bd6 36. Bc1 Re8 37. Rb1 Bc7 38. Qh3 Qd6 39. Kg2 g6 40. Bd3 Qe6
41. Qf3 Nd6 42. Bf4 Nf5 43. Bxf5 Qxf5 44. Bxc7 Qxb1 45. Qf6 Qe4+ 46. Kg3 Qe7
47. Qf4 Rc8 0-1

[Event "XII Festival Magistrale"]
[Site "Porto San Giorgio ITA"]
[Date "2000.08.20"]
[Round "1"]
[White "Saccona, Silvano"]
[Black "Gorbatov, Alexej"]
[Result "0-1"]
[WhiteElo "2113"]
[BlackElo "2411"]
[PlyCount "102"]
[EventDate "2000.08.20"]

1. e4 c5 2. Nf3 e6 3. Be2 Nf6 4. Nc3 Nc6 5. O-O e5 6. d3 d6 7. Nd2 Be7 8. Nc4
O-O 9. f4 exf4 10. Bxf4 Be6 11. Ne3 Nd4 12. Bf3 b5 13. Kh1 b4 14. Ncd5 Bxd5 15.
exd5 Ne8 16. Nc4 Bg5 17. Bc1 a5 18. c3 Nb5 19. a4 bxa3 20. Nxa3 Nxa3 21. Rxa3
Bxc1 22. Qxc1 Nf6 23. Qd2 Qb6 24. Ra4 Rfb8 25. Rf2 Ra7 26. Rf4 Qd8 27. h3 Rab7
28. Qc1 Nd7 29. Be4 Ne5 30. Rf5 a4 31. d4 cxd4 32. cxd4 Ng6 33. R5f3 Rc8 34.
Qd1 Qa5 35. Kh2 Qb4 36. Rd3 Re7 37. Qg4 Rce8 38. Bxg6 hxg6 39. Rdf3 Qc4 40. Ra3
Qb5 41. Qf4 Qxd5 42. Rxa4 Re4 43. Qf3 f6 44. Qd3 g5 45. Qc4 Qxc4 46. Rxc4 Kf7
47. Rd2 R8e7 48. Rc6 Ke6 49. Rb6 Kd5 50. Kg3 Re2 51. Rd1 Rc2 0-1

[Event "XII Festival Magistrale"]
[Site "Porto San Giorgio ITA"]
[Date "2000.08.20"]
[Round "1"]
[White "Sbraccia, Giovanni"]
[Black "Grigore, George-Gabriel"]
[Result "0-1"]
[WhiteElo "2131"]
[BlackElo "2508"]
[PlyCount "62"]
[EventDate "2000.08.20"]

1. Nf3 Nf6 2. g3 g6 3. Bg2 Bg7 4. O-O O-O 5. d3 d5 6. Nbd2 c5 7. e4 Nc6 8. c3
e5 9. exd5 Nxd5 10. Ne4 b6 11. Bg5 f6 12. Bh4 Be6 13. Nfg5 Qd7 14. Nxe6 Qxe6
15. f4 Ne3 16. Qf3 Nxf1 17. Rxf1 exf4 18. gxf4 Ne7 19. Re1 Qc6 20. Qe2 Nd5 21.
Nd2 Rae8 22. Qf3 Rxe1+ 23. Bxe1 Rd8 24. c4 Qe8 25. Bf2 Nb4 26. Bf1 f5 27. a3
Nc2 28. b4 Nd4 29. Bxd4 Bxd4+ 30. Kg2 Qa4 31. Qb7 Qc2 0-1

[Event "XII Festival Magistrale"]
[Site "Porto San Giorgio ITA"]
[Date "2000.08.20"]
[Round "1"]
[White "Soncin, Denis"]
[Black "Glek, Igor V."]
[Result "0-1"]
[WhiteElo "2147"]
[BlackElo "2553"]
[PlyCount "68"]
[EventDate "2000.08.20"]

1. e4 c5 2. Nf3 e6 3. Qe2 Nc6 4. g3 g6 5. Bg2 Bg7 6. c3 Nge7 7. h4 h6 8. d3 d6
9. Bf4 e5 10. Be3 Be6 11. O-O O-O 12. Qd2 Kh7 13. d4 exd4 14. cxd4 d5 15. Nc3
dxe4 16. Nxe4 cxd4 17. Bf4 Nd5 18. Bd6 Re8 19. Bc5 Nb6 20. h5 Nc4 21. hxg6+
fxg6 22. Qf4 Bd5 23. Nfg5+ Kg8 24. Nd6 hxg5 25. Bxd5+ Kh7 26. Nf7 gxf4 27. Nxd8
Nxd8 28. Bxc4 Rc8 29. b4 b6 30. Ba6 Rc6 31. Bb5 bxc5 32. Bxc6 Nxc6 33. bxc5 f3
34. Rfe1 Re2 0-1

[Event "XII Festival Magistrale"]
[Site "Porto San Giorgio ITA"]
[Date "2000.08.20"]
[Round "1"]
[White "Spasov, Vasil V."]
[Black "Barlocco, Carlo"]
[Result "1-0"]
[WhiteElo "2593"]
[BlackElo "2179"]
[PlyCount "103"]
[EventDate "2000.08.20"]

1. e4 c5 2. Nf3 e6 3. b3 d6 4. d4 cxd4 5. Nxd4 Nf6 6. Bd3 Nc6 7. Bb2 Be7 8. O-O
O-O 9. Nxc6 bxc6 10. e5 dxe5 11. Bxe5 Nd7 12. Bb2 Bf6 13. Bxf6 Nxf6 14. Nd2 a5
15. Ne4 Nxe4 16. Bxe4 Bb7 17. Qh5 f5 18. Bd3 Ba6 19. Bxa6 Rxa6 20. Qe2 Qc8 21.
Rad1 c5 22. Rd2 c4 23. Rfd1 cxb3 24. cxb3 Rc6 25. h3 Re8 26. Rd7 Rc7 27. R7d6
Rc1 28. Qe3 Rxd1+ 29. Rxd1 Qc7 30. Rd5 Re7 31. Rc5 Qd8 32. f4 Kf7 33. Kh2 h6
34. Qe5 g5 35. fxg5 hxg5 36. Rxa5 Qc7 37. Qxc7 Rxc7 38. b4 Rc2 39. a4 Rb2 40.
Rb5 f4 41. Kg1 Kf6 42. a5 Ra2 43. Rb6 Kf5 44. a6 e5 45. b5 e4 46. Rb8 e3 47.
Re8 f3 48. gxf3 Kf4 49. Rf8+ Ke5 50. b6 Ra1+ 51. Kg2 Kd6 52. b7 1-0

[Event "XII Festival Magistrale"]
[Site "Porto San Giorgio ITA"]
[Date "2000.08.20"]
[Round "1"]
[White "Suppa, Ercole"]
[Black "Lazarev, Vladimir"]
[Result "0-1"]
[WhiteElo "2123"]
[BlackElo "2478"]
[PlyCount "80"]
[EventDate "2000.08.20"]

1. d4 Nf6 2. Nf3 c5 3. d5 b5 4. Bg5 Ne4 5. Bf4 Bb7 6. e3 Qa5+ 7. c3 Nf6 8. d6
Qb6 9. dxe7 Bxe7 10. Be2 O-O 11. Qd3 a6 12. Nbd2 d5 13. O-O Nbd7 14. Rfd1 Rfe8
15. a4 Bc6 16. a5 Qb7 17. Qf5 Bf8 18. Bd3 g6 19. Qh3 Nh5 20. Bg5 f6 21. Bf4 Ne5
22. Bxe5 fxe5 23. g4 Nf6 24. Qh4 Kg7 25. Bc2 e4 26. Ne1 Rad8 27. Nf1 Qc7 28.
Ng3 Qe5 29. g5 Ng8 30. Qf4 Qe6 31. Ng2 Bd6 32. Qh4 Qe5 33. Rf1 Be7 34. Nf4 Bxg5
35. Qh3 Bxf4 36. exf4 Qxf4 37. Rad1 Nf6 38. Qg2 Kh8 39. f3 Qe3+ 40. Kh1 exf3
0-1

[Event "XII Festival Magistrale"]
[Site "Porto San Giorgio ITA"]
[Date "2000.08.21"]
[Round "2"]
[White "Agrest, Svetlana"]
[Black "Borgo, Giulio"]
[Result "0-1"]
[WhiteElo "2210"]
[BlackElo "2391"]
[PlyCount "138"]
[EventDate "2000.08.20"]

1. e4 c5 2. Nf3 e6 3. d3 b6 4. g3 Bb7 5. Bg2 d6 6. O-O Be7 7. Re1 Nf6 8. Nbd2
Nbd7 9. c3 Ne5 10. Nxe5 dxe5 11. Nc4 Nd7 12. f4 exf4 13. Bxf4 O-O 14. Qe2 b5
15. Na3 Qa5 16. Nc2 Rad8 17. d4 cxd4 18. cxd4 b4 19. Be3 Rc8 20. Red1 Nb6 21.
Bf2 Ba6 22. Qd2 Nc4 23. Qc1 Bg5 24. Qb1 Nd2 25. Rxd2 Bxd2 26. Qd1 Qc7 27. Qxd2
Qxc2 28. Qxb4 Bd3 29. Qe1 Qxb2 30. Rd1 Bc2 31. Qd2 Qc3 32. Qxc3 Rxc3 33. Rc1
Rb8 34. d5 Rb1 35. Rxb1 Bxb1 36. Bxa7 Rc1+ 37. Kf2 Rc2+ 38. Kg1 Rc1+ 39. Kf2
Rc2+ 40. Kg1 Rxa2 41. Bc5 Rd2 42. Bf3 exd5 43. exd5 Bf5 44. h4 Bc8 45. d6 Bd7
46. Bb4 Ra2 47. Bc5 Rc2 48. Bb6 Kf8 49. Be4 Rb2 50. Bc5 h6 51. Bg2 Rc2 52. Bb6
Ke8 53. Bd4 g6 54. Be3 Bc6 55. Bh3 Rc3 56. Kf2 Rd3 57. Bf4 g5 58. hxg5 hxg5 59.
d7+ Bxd7 60. Bxd7+ Kxd7 61. Bxg5 Ke6 62. Bf4 Kf5 63. Bc7 Kg4 64. Bb8 f5 65. Bf4
Rc3 66. Be5 Rc2+ 67. Kf1 Kf3 68. Kg1 Rg2+ 69. Kf1 Rxg3 0-1

[Event "XII Festival Magistrale"]
[Site "Porto San Giorgio ITA"]
[Date "2000.08.21"]
[Round "2"]
[White "Aldrovandi, Costantino"]
[Black "Spasov, Vasil V."]
[Result "1/2-1/2"]
[WhiteElo "2351"]
[BlackElo "2593"]
[PlyCount "77"]
[EventDate "2000.08.20"]

1. e4 c5 2. c3 d5 3. exd5 Qxd5 4. d4 Nf6 5. Nf3 Bg4 6. Be2 e6 7. O-O Nc6 8. h3
Bh5 9. Be3 cxd4 10. Nxd4 Bxe2 11. Qxe2 Be7 12. Rd1 O-O 13. c4 Nxd4 14. Bxd4 Qc6
15. Nd2 Rfd8 16. Nf3 Qe4 17. Kf1 Kf8 18. Rd3 Qxe2+ 19. Kxe2 Ne8 20. Rad1 f6 21.
Be3 Rxd3 22. Rxd3 Nd6 23. b3 e5 24. Rd5 b6 25. g4 Kf7 26. Nd2 h5 27. Kf3 hxg4+
28. hxg4 Ke6 29. Ne4 Nxe4 30. Kxe4 g6 31. a4 f5+ 32. gxf5+ gxf5+ 33. Kd3 Bb4
34. Bd2 e4+ 35. Ke3 Bd6 36. a5 Bc7 37. f3 exf3 38. Kxf3 Rh8 39. Bf4 1/2-1/2

[Event "XII Festival Magistrale"]
[Site "Porto San Giorgio ITA"]
[Date "2000.08.21"]
[Round "2"]
[White "Baquero, Luis A."]
[Black "Agrest, Evgenij"]
[Result "0-1"]
[WhiteElo "2303"]
[BlackElo "2554"]
[PlyCount "34"]
[EventDate "2000.08.20"]

1. d4 Nf6 2. Nf3 e6 3. c4 b6 4. g3 Ba6 5. b3 b5 6. Bg2 bxc4 7. Ne5 Bb4+ 8. Kf1
d5 9. bxc4 O-O 10. c5 Nfd7 11. Qa4 Nxe5 12. Qxb4 Nc4 13. Nd2 Qf6 14. Qc3 Nc6
15. Nxc4 Bxc4 16. Be3 Rab8 17. Bf3 Qxf3 0-1

[Event "XII Festival Magistrale"]
[Site "Porto San Giorgio ITA"]
[Date "2000.08.21"]
[Round "2"]
[White "Bontempi, Piero"]
[Black "Rausis, Igors"]
[Result "0-1"]
[WhiteElo "2273"]
[BlackElo "2551"]
[PlyCount "70"]
[EventDate "2000.08.20"]

1. e4 c6 2. d4 d5 3. Nc3 dxe4 4. Nxe4 Bf5 5. Ng3 Bg6 6. Bc4 e6 7. N1e2 Bd6 8.
O-O Nd7 9. f4 Ne7 10. Bd3 Qc7 11. Ne4 Bxe4 12. Bxe4 Nf6 13. Bf3 Rd8 14. c3 O-O
15. Qb3 Rd7 16. g3 Nf5 17. Qa4 c5 18. Kh1 Rfd8 19. Rd1 cxd4 20. cxd4 Bc5 21.
Bd2 Nxd4 22. Nxd4 Rxd4 23. Qc2 Ng4 24. Rdc1 Nf2+ 25. Kg1 Nd3 26. Be3 Nxc1 27.
Rxc1 Rd3 28. Qxc5 Qxc5 29. Bxc5 Rxf3 30. Be7 Rb8 31. Rd1 Re3 32. Bc5 Re2 33.
Bxa7 Ra8 34. a3 Rxb2 35. Bc5 h5 0-1

[Event "XII Festival Magistrale"]
[Site "Porto San Giorgio ITA"]
[Date "2000.08.21"]
[Round "2"]
[White "Bratanov, Zsivko"]
[Black "Trent, Lawrence"]
[Result "1-0"]
[WhiteElo "2400"]
[BlackElo "2210"]
[PlyCount "53"]
[EventDate "2000.08.20"]

1. e4 c5 2. Nf3 d6 3. d4 cxd4 4. Nxd4 Nf6 5. Nc3 g6 6. Bg5 Bg7 7. Bb5+ Nbd7 8.
Qe2 O-O 9. O-O-O a6 10. Bxd7 Bxd7 11. f4 Bg4 12. Nf3 Qa5 13. Kb1 Rac8 14. Bxf6
exf6 15. f5 Rxc3 16. bxc3 Rc8 17. h3 Bxf3 18. gxf3 Bh6 19. Rd3 Rc4 20. Qh2 Bf8
21. Qd2 d5 22. Rxd5 b5 23. Rd1 Qa3 24. Rd7 Rc5 25. Qd4 Kg7 26. Rd3 a5 27. f4
1-0

[Event "XII Festival Magistrale"]
[Site "Porto San Giorgio ITA"]
[Date "2000.08.21"]
[Round "2"]
[White "Efimov, Igor"]
[Black "Iotti, Pierluigi"]
[Result "1-0"]
[WhiteElo "2520"]
[BlackElo "2294"]
[PlyCount "79"]
[EventDate "2000.08.20"]

1. e4 e6 2. d4 d5 3. e5 c5 4. c3 Nc6 5. Nf3 Bd7 6. dxc5 Bxc5 7. Bd3 Nge7 8. b4
Bb6 9. b5 Na5 10. O-O Ng6 11. Re1 Rc8 12. a4 O-O 13. Ra2 Nc4 14. Na3 Nxa3 15.
Bxa3 Bc5 16. Bc1 f6 17. exf6 Qxf6 18. Bxg6 hxg6 19. Rc2 Be8 20. Be3 Bxe3 21.
Rxe3 Rc4 22. Rce2 Rxc3 23. Rxe6 Qf4 24. R6e3 Rxe3 25. Rxe3 Bf7 26. Ne5 Rd8 27.
g3 Qb4 28. Rf3 Be6 29. Rf4 Qd6 30. Nxg6 Bf7 31. Nh4 d4 32. Nf5 Qb4 33. Qg4 Qe1+
34. Kg2 Bd5+ 35. Kh3 Rd7 36. Rxd4 Qf1+ 37. Kh4 Qe1 38. Rxd5 g5+ 39. Kh5 Rh7+
40. Nh6+ 1-0

[Event "XII Festival Magistrale"]
[Site "Porto San Giorgio ITA"]
[Date "2000.08.21"]
[Round "2"]
[White "Faybish, Nimrod"]
[Black "Foisor, Ovidiu-Doru"]
[Result "0-1"]
[WhiteElo "2211"]
[BlackElo "2404"]
[PlyCount "82"]
[EventDate "2000.08.20"]

1. e4 e6 2. d4 d5 3. e5 c5 4. c3 Nc6 5. Nf3 Bd7 6. a3 c4 7. Be2 Na5 8. Nbd2 Ne7
9. O-O Nc8 10. Ne1 Nb6 11. Bf3 Be7 12. g3 Qc7 13. Bg2 O-O-O 14. f4 f5 15. exf6
gxf6 16. Ndf3 Na4 17. Nc2 Qb6 18. Nb4 Nb3 19. Rb1 a5 20. Nc2 Nxc1 21. Qxc1 Rdg8
22. Ne3 Bc6 23. Re1 Bd6 24. Kh1 Kb8 25. Nh4 f5 26. Nf3 h5 27. Nf1 Bd7 28. Qc2
Qc7 29. Qc1 h4 30. Nxh4 Bxf4 31. gxf4 Rxh4 32. Re5 Bc8 33. Ne3 Qh7 34. Nf1 Qh6
35. Qd1 Nb6 36. Qe1 Qxf4 37. Rxe6 Bxe6 38. Qxe6 Rgh8 39. Qxb6 Rxh2+ 40. Kg1
Rxg2+ 41. Kxg2 Rg8+ 0-1

[Event "XII Festival Magistrale"]
[Site "Porto San Giorgio ITA"]
[Date "2000.08.21"]
[Round "2"]
[White "Glek, Igor V."]
[Black "De Santis, Alessio"]
[Result "1-0"]
[WhiteElo "2553"]
[BlackElo "2309"]
[PlyCount "77"]
[EventDate "2000.08.20"]

1. e4 c5 2. Nf3 e6 3. d3 Nc6 4. g3 g6 5. Bg2 Bg7 6. O-O Nge7 7. c3 d5 8. Qe2 h6
9. h4 O-O 10. e5 b6 11. Re1 a6 12. Nbd2 Ra7 13. Nf1 Kh7 14. N1h2 Ng8 15. Ng4
Bd7 16. Bf4 Nce7 17. Qd2 Nf5 18. d4 cxd4 19. Nxd4 Nxd4 20. Qxd4 Qc7 21. Nf6+
Bxf6 22. exf6 Qc5 23. Be5 Qxd4 24. cxd4 h5 25. Rac1 Rfa8 26. f3 Nh6 27. Kf2 a5
28. Bf1 a4 29. Rc2 Rb7 30. Rec1 Raa7 31. Bd3 Kg8 32. Ke3 b5 33. Kf4 Ra8 34. g4
Kh8 35. Kg5 Ng8 36. gxh5 gxh5 37. Kxh5 b4 38. Rg2 Bb5 39. Bb1 1-0

[Event "XII Festival Magistrale"]
[Site "Porto San Giorgio ITA"]
[Date "2000.08.21"]
[Round "2"]
[White "Gorbatov, Alexej"]
[Black "Nannelli, Paolo"]
[Result "1-0"]
[WhiteElo "2411"]
[BlackElo "2217"]
[PlyCount "51"]
[EventDate "2000.08.20"]

1. c4 g6 2. Nc3 Bg7 3. d4 d6 4. e4 e5 5. dxe5 dxe5 6. Qxd8+ Kxd8 7. f4 Nc6 8.
Nf3 Nd4 9. Kf2 Nxf3 10. gxf3 c6 11. Be3 f6 12. Rd1+ Ke8 13. h4 Bh6 14. Ne2 Ne7
15. fxe5 Bxe3+ 16. Kxe3 fxe5 17. Nc1 Kf7 18. Rd6 Re8 19. h5 Kg7 20. h6+ Kf7 21.
Nd3 Ng8 22. c5 Nf6 23. Rg1 Ng8 24. Rh1 Nf6 25. Be2 Bd7 26. Bd1 1-0

[Event "XII Festival Magistrale"]
[Site "Porto San Giorgio ITA"]
[Date "2000.08.21"]
[Round "2"]
[White "Gosio, Denis"]
[Black "Isonzo, David"]
[Result "0-1"]
[WhiteElo "1941"]
[BlackElo "2250"]
[PlyCount "68"]
[EventDate "2000.08.20"]

1. e4 c5 2. Nf3 d6 3. d4 cxd4 4. Nxd4 Nf6 5. Nc3 g6 6. Be3 Bg7 7. f3 Nc6 8. Qd2
O-O 9. Bc4 Bd7 10. O-O-O Qc7 11. Bb3 Rfc8 12. h4 Na5 13. Kb1 Nc4 14. Bxc4 Qxc4
15. h5 b5 16. hxg6 fxg6 17. g4 b4 18. Nd5 Nxd5 19. exd5 Qxd5 20. Qh2 Qe5 21.
Bf4 Qf6 22. g5 Qf7 23. Qxh7+ Kf8 24. Be3 e5 25. Nb3 Bf5 26. Rh2 Ke7 27. Qh4 Rc4
28. Qe1 Rac8 29. Rc1 Kf8 30. Na5 Rxc2 31. Rhxc2 Rxc2 32. Rxc2 Qc7 33. Qd2 Qxa5
34. Qxd6+ Kg8 0-1